000 00282 a2200109 4500
001 ART_6046
005 20260410161618.0
008 260409a
245 1 0 _aEnfoque de fraude
100 1 _aChalupowicz, Daniel
773 0 _tEnfoques
_g- NÂș 1 (ene. 2008)
_wREV416
999 _c11297
_d11297